00384 2200157 4500001002100000005001500021035002000036245004200056100001800098300002600116260002800142082000800170084001400178020002200192990001200214INLIS00000000000301920250918105142 a0010-09250003661 aCinta Para Dewa Dewi /cKahlil Gibran0 aKahlil Gibran a204 hlm ;c13 x 19 cm aJakarta :bZettu,c2013 a813 a813 KAH c a978-602-7999-07-7 a0755617